ECOLOGY ENVIRONMENTAL SCIENCE AND CONSERVATION (Record no. 33284)
[ view plain ]
| 000 -LEADER | |
|---|---|
| fixed length control field | 00321nam a2200133Ia 4500 |
| 008 - FIXED-LENGTH DATA ELEMENTS--GENERAL INFORMATION | |
| fixed length control field | 210215s9999 xx 000 0 und d |
| 020 ## - INTERNATIONAL STANDARD BOOK NUMBER | |
| International Standard Book Number | 9789383746002 |
| 082 ## - DEWEY DECIMAL CLASSIFICATION NUMBER | |
| Classification number | 615.5 |
| Item number | SIN-E |
| 100 ## - MAIN ENTRY--PERSONAL NAME | |
| Personal name | SINGH J.S |
| 245 #0 - TITLE STATEMENT | |
| Title | ECOLOGY ENVIRONMENTAL SCIENCE AND CONSERVATION |
| 260 ## - PUBLICATION, DISTRIBUTION, ETC. | |
| Name of publisher, distributor, etc. | S. CHAND |
| 300 ## - PHYSICAL DESCRIPTION | |
| Extent | 927 |
| 942 ## - ADDED ENTRY ELEMENTS (KOHA) | |
| Koha item type | Book |
| Withdrawn status | Lost status | Damaged status | Not for loan | Collection code | Permanent Location | Current Location | Shelving location | Date acquired | Cost, normal purchase price | Total Checkouts | Full call number | Barcode | Date last seen | Date last checked out | Price effective from | Koha item type |
|---|---|---|---|---|---|---|---|---|---|---|---|---|---|---|---|---|
| Maharishi School of Pharmaceutical Science (Lucknow) | Maharishi School of Pharmaceutical Science (Lucknow) | R2S4 | 2021-02-15 | 700.00 | 1 | 615.5 | SOPH1360 | 2025-01-21 | 2025-01-18 | 2021-02-15 | Book | |||||
| Maharishi School of Pharmaceutical Science (Lucknow) | Maharishi School of Pharmaceutical Science (Lucknow) | R14S4 | 2021-02-15 | 700.00 | 2 | 363.7 SIN-E | SOPH1361 | 2025-03-12 | 2025-03-12 | 2021-02-15 | Book |